Como elaborar mapas conceptuales en la escuela: aprendizaje significativo y globalizado (Registro nro. 1479)

Detalles MARC
000 -Cabecera
Campo de control de longitud fija 00715aam a2200265 4500
005 - Fecha y hora de la última transacción
Campo de control 20260427184539.0
008 - Elementos de longitud fija--Información general
Campo de control de longitud fija 150624b2003 xxu||||| |||| 00| 0 spa d
020 ## - International Standard Book Number
Número Internacional Estándar del Libro (ISBN) 9508081295
041 ## - Idioma
Código de idioma Español
082 ## - Clasificación Decimal Dewey
Número de clasificación 371.302.81 B674c7
100 ## - Entrada principal--Autor personal
Nombre personal Boggino, Norberto
9 (RLIN) 26541
245 ## - Título propiamente dicho
Título Como elaborar mapas conceptuales en la escuela: aprendizaje significativo y globalizado
250 ## - Edición
Mención de edición 7 edición
260 ## - Pie de imprenta
Lugar de publicación, distribución, etc. Argentina
260 ## - Pie de imprenta
Nombre del editor, distribuidor, etc. HomoSapiens
260 ## - Pie de imprenta
Fecha de publicación, distribución, etc. 2003
300 ## - Descripción física
Extensión 112 páginas
490 ## - Serie
Título de la Serie Temática General
650 ## - Materia general
Temática (materia general) TÉCNICAS DE ESTUDIO
650 ## - Materia general
Temática (materia general) MAPAS CONCEPTUALES
650 ## - Materia general
Temática (materia general) MAPAS COGNOSCITIVOS
650 ## - Materia general
Temática (materia general) ENSEÑANZA
650 ## - Materia general
Temática (materia general) APRENDIZAJE
942 ## - Punto de acceso adicional KOHA
Tipo de ítem KOHA Libro
Fuente del sistema de clasificación o colocación Dewey Decimal Classification
Existencias
Signatura completa Código de barras Programa Académico Tipo de ítem
371.302.81 B674c7 10509 Temática General Libro